Cyclisme : Top 20 du Giro D'Italia 2024 - Statistiques

Statistiques générales
  • Ce quiz a été pris 115 fois
  • Le résultat moyen est 10 sur 20
Statistiques - réponses
Position Equipe Coureur % Correct
1er UAE Team Emirates Tadej Pogacar
100%
3eme Ineos Grenadier Geraint Thomas
91%
4eme Decathlon Ag2r La Mondiale Ben O'Connor
87%
2eme BORA Hansgrohe Daniel Felipe Martinez
79%
9eme Dsm Firmeninch PostNL Romain Bardet
73%
10eme Tudor Pro Cycling Team Michael Storer
65%
5eme Bahrain Victorious Antonio Tiberi
62%
6eme Ineos Grenadier Thymen Arensman
54%
7eme Movistar Team Einer Rubio
50%
15eme UAE Team Emirates Rafal Majka
47%
16eme Decathlon Ag2r La Mondiale Valentin Paret-Peintre
47%
12eme Astana Qazaqstan Team Lorenzo Fortunato
40%
8eme Soudal Quick Step Jan Hirt
39%
17eme Bahrain Victorious Damiano Caruso
36%
11eme Jayco AlUla Filippo Zana
34%
13eme Team Polti Kometa Davide Piganzoli
30%
19eme Movistar Team Nairo Quintana
30%
20eme VF Group-Bardiani CSF Domenico Pozzovivo
29%
14eme Cofidis Simon Geschke
23%
18eme VF Group-Bardiani CSF Luca Covili
11%
Aucun quiz correspondant
Distribution des résultats
% des personnes avec chaque résultat
Percentile par nombre de réponses
Votre historique - résultats
Vous n’avez pas pris ce quiz